| 000 | 00434nam a2200169Ia 4500 | ||
|---|---|---|---|
| 008 | 141014s9999||||xx |||||||||||||| ||und|| | ||
| 010 | _a25130 | ||
| 020 | _aSISBN | ||
| 082 | _a910 M.645 T.1 | ||
| 100 | _aChapin, Juan | ||
| 245 | _aUn viaje al otro mundo , colección Juan Chapin | ||
| 250 | _aS/E | ||
| 260 |
_aImpreso en la Tipografía Nacional Guatemala _c1936 |
||
| 300 |
_a515 _c18 cm |
||
| 650 | _aNovela | ||
| 942 | _cBK | ||
| 999 |
_c25280 _d25280 |
||